What meaneth this?: (Record no. 14110)

000 -LEADER
fixed length control field 00791nam a2200217 a 4500
001 - CONTROL NUMBER
control field :::00011934$&:&@@
003 - CONTROL NUMBER IDENTIFIER
control field OkBaRHE
005 - DATE AND TIME OF LATEST TRANSACTION
control field 20000607103414.0
008 - FIXED-LENGTH DATA ELEMENTS--GENERAL INFORMATION
fixed length control field s1947 j 000 0 eng u
040 ## - CATALOGING SOURCE
Transcribing agency
100 1# - MAIN ENTRY--PERSONAL NAME
Personal name Brumback, Carl.
245 10 - TITLE STATEMENT
Title What meaneth this?:
Remainder of title a Pentecostal answer to a Pentecostal question.
260 ## - PUBLICATION, DISTRIBUTION, ETC. (IMPRINT)
Place of publication, distribution, etc Springfield, MO., :
Name of publisher, distributor, etc Gospel Publishing House
Date of publication, distribution, etc c1947
300 ## - PHYSICAL DESCRIPTION
Extent 348 p. ;
Dimensions 20 cm.
650 ## - SUBJECT ADDED ENTRY--TOPICAL TERM
Topical term or geographic name as entry element Holy Spirit Baptism
650 ## - SUBJECT ADDED ENTRY--TOPICAL TERM
Topical term or geographic name as entry element Pentecostalism
650 ## - SUBJECT ADDED ENTRY--TOPICAL TERM
Topical term or geographic name as entry element Revivals
942 ## - ADDED ENTRY ELEMENTS (KOHA)
Source of classification or shelving scheme
Koha item type Books
Copies
Total Renewals Date checked out Date acquired Current Location Lost status Copy number Koha item type Price effective from Not for loan Damaged status Shelving location Date last seen Full call number Permanent Location Barcode Total Checkouts Withdrawn status Source of classification or shelving scheme
  2010-04-14  2Books2010-04-14  General Stacks2010-04-14BX 8762 .B7RHEMA Bible Training College15204   
22010-09-222010-04-14RHEMA Bible Training College 1Books2010-04-14  General Stacks2010-11-12BX 8762 .B7RHEMA Bible Training College119341